Statistics for Rivers and Their River Mouth Seas

Click here to take the quiz!

General Stats

  • This quiz has been taken 31 times
  • The average score is 11 of 17

Answer Stats

RiverSea% Correct
NileMediterranean Sea
88%
DanubeBlack Sea
88%
ZambeziIndian Ocean
84%
RhineNorth Sea
84%
IndusArabian Sea
80%
VolgaCaspian Sea
80%
AmazonAtlantic Ocean
80%
MississippiGulf of Mexico
76%
PoAdriatic Sea
72%
MekongSouth China Sea
72%
JordanDead Sea
68%
VistulaBaltic Sea
60%
GangesBay of Bengal
60%
YangtzeEast China Sea
56%
MackenzieBeaufort Sea
44%
NigerGulf of Guinea
32%
MurraySouthern Ocean
20%

Score Distribution

Percentile by Number Answered

Percent of People with Each Score

Your Score History

You have not taken this quiz